Smetse Smee /

Hlavní autor: De Coster, Charles Théodore Henri, 1827-1879
Jazyk: Čeština
Vydáno: Praha : Ústřední dělnické knihkupectví a nakladatelství, [1913]
Edice: Lidová knihovna (Ústřední dělnické knihkupectví a nakladatelství (Ant. Svěcený))
Fyzický popis: 86 s. ; 8°
Knihy
Uloženo v:
LEADER 00950nam a22002772a 4500
001 000974067
003 CZ BrMZK
005 20100416074041.0
007 ta
008 091029s1913 xr er|||||||||||cze d
035 |a (OCoLC)85561944 
040 |a ABA001  |b cze  |d BOA001 
041 1 |a cze  |h fre 
100 1 |a De Coster, Charles Théodore Henri,  |d 1827-1879  |7 jn19981228065  |4 aut 
245 1 0 |a Smetse Smee /  |c Charles de Coster 
246 1 4 |a Kovář Smetse 
260 |a Praha :  |b Ústřední dělnické knihkupectví a nakladatelství,  |c [1913] 
300 |a 86 s. ;  |c 8° 
490 1 |a Lidová knihovna ;  |v roč. 9., sv. 2 
500 |a Přeloženo z francouzštiny 
830 0 |a Lidová knihovna (Ústřední dělnické knihkupectví a nakladatelství (Ant. Svěcený))  |0 s 
910 |a BOA001  |b 1-0371.884 
990 |a BK 
993 |a Y 
991 |b 200910 
996 6 |b 2619416631  |c 1-0371.884  |l MZK  |r Sklad / do 1 hodiny  |n 0  |w 000974067  |u 000010  |a 1  |e BOA001  |j MZK50  |s P